|
|
|
|
| LEADER |
01111nam a2200301 a 4500 |
| 001 |
31970 |
| 003 |
BD-DhAAL |
| 005 |
20211115125407.0 |
| 008 |
170808t19821953ctub b 001 0 eng |
| 999 |
|
|
|c 38238
|d 38238
|
| 010 |
|
|
|a 82002939
|
| 020 |
|
|
|a 0313235619 (lib. bdg.)
|
| 040 |
|
|
|a DLC
|c DLC
|d DLC
|d BD-DhAAL
|
| 050 |
0 |
0 |
|a DG209
|b .S73 1982
|
| 082 |
0 |
0 |
|a 937
|2 19
|
| 100 |
1 |
|
|a Starr, Chester G.,
|d 1914-
|9 21930
|
| 245 |
1 |
4 |
|a The emergence of Rome as ruler of the Western World /
|c Chester G. Starr, Jr.
|
| 250 |
|
|
|a Second edition
|
| 260 |
|
|
|a Westport, Conn. :
|b Greenwood Press,
|c c1953 [reprinted 1982]
|
| 300 |
|
|
|a viii, 118 pages :
|b maps ;
|c 23 cm.
|
| 490 |
|
|
|a The Development of Western civilization
|
| 504 |
|
|
|a Includes bibliographical references and index.
|
| 526 |
|
|
|a ARC
|
| 541 |
|
|
|e 31970
|
| 650 |
|
|
|a Architecture
|9 42656
|
| 651 |
|
0 |
|a Rome
|x History.
|9 21932
|
| 942 |
|
|
|2 ddc
|c BK
|
| 952 |
|
|
|0 0
|1 0
|2 ddc
|4 0
|6 937_000000000000000_STA
|7 0
|9 60967
|a BRACUL
|b BRACUL
|c GEN
|d 2017-07-31
|e Development Book Agency
|g 10990.00
|l 2
|m 7
|o 937 STA
|p 3010031970
|r 2019-10-09
|s 2019-08-26
|t 1
|v 10990.00
|w 2017-07-31
|y BK
|